Central Library OPAC University of Rajshahi

বিশ্ব-সাহিত্য ও শরৎচন্দ্র / (Record no. 45005)

MARC details
000 -LEADER
fixed length control field 01038nam a2200241 a 4500
001 - CONTROL NUMBER
control field 45005
003 - CONTROL NUMBER IDENTIFIER
rucl marc code BD-RjUL
005 - DATE AND TIME OF LATEST TRANSACTION
control field 20211209053940.0
008 - FIXED-LENGTH DATA ELEMENTS--GENERAL INFORMATION
fixed length control field 160721s1965 ii ||||| |||| 00| 0 ben d
035 ## - SYSTEM CONTROL NUMBER
System control number (BD-RjUL)45123
040 ## - CATALOGING SOURCE
Original cataloging agency BD-RjUL
Language of cataloging ben
Transcribing agency BD-RjUL
041 ## - LANGUAGE CODE
Language code of text/sound track or separate title ben
082 ## - DEWEY DECIMAL CLASSIFICATION NUMBER
Edition number 23
Classification number 891.44309
Author mark and year VOB 1965
100 1# - MAIN ENTRY--PERSONAL NAME
Personal name ভট্টাচার্য্য, পৃথ্বীশ চন্দ্র
9 (RLIN) 137910
245 10 - TITLE STATEMENT
Title বিশ্ব-সাহিত্য ও শরৎচন্দ্র /
Statement of responsibility, etc. পৃথ্বীশ চন্দ্র ভট্টাচার্য্য
250 ## - EDITION STATEMENT
Edition statement ১ম সং.
260 ## - PUBLICATION, DISTRIBUTION, ETC. (IMPRINT)
Place of publication, distribution, etc. কলিকাতা :
Name of publisher, distributor, etc. সাহিত্য জগৎ,
Date of publication, distribution, etc. ১৯৬৫
300 ## - PHYSICAL DESCRIPTION
Pagination xiii, ৫৩৪ পৃ. ;
Size ১৮ সেমি.
504 ## - BIBLIOGRAPHY, ETC. NOTE
Bibliography, etc গ্রন্থপঞ্জী সংযুক্ত
600 ## - SUBJECT ADDED ENTRY--PERSONAL NAME
Personal name চট্টোপাধ্যায়, শরৎচন্দ্র ১৮৭৬-১৯৩৮
Personal name Cattopadhyaya, Saratcandra 1876-1938
942 ## - ADDED ENTRY ELEMENTS (KOHA)
Source of classification or shelving scheme Dewey Decimal Classification
Koha item type Books
Holdings
Lost status Source of classification or shelving scheme Damaged status Not for loan Collection code Permanent Location Current Location Shelving location Date acquired Source of acquisition Cost, normal purchase price Total Checkouts Full call number Date last seen Copy number Koha item type
  Dewey Decimal Classification     Non-fiction Central Library, University of Rajshahi Central Library, University of Rajshahi   27/11/1978 India international, kolcutta 30.00   B 891.44309 VOB 1965 21/07/2016 C-2 Books